Score 0/11 Timer 01:00
0 Plays Today
Country Megacity % Correct
ChinaBeijing
95.2%
ChinaShanghai
93.5%
PakistanKarachi
92.9%
ThailandBangkok
91%
NigeriaLagos
90.1%
IndonesiaJakarta
89.8%
TurkeyIstanbul
89.8%
BangladeshDhaka
86.4%
IndiaDelhi
85.6%
ChinaGuangzhou
83.9%
ChinaShenzhen
60.2%
Remove Ads.
Support Sporcle.
Get the best of Sporcle when you Go Orange. This ad-free experience offers more features, more stats, and more fun while also helping to support Sporcle. Thank you for becoming a member.

You're not logged in!

Compare scores with friends on all Sporcle quizzes.
OR
Log In

Show Comments

Extras

Top Quizzes Today


Score Distribution

Your Account Isn't Verified!

In order to create a playlist on Sporcle, you need to verify the email address you used during registration. Go to your Sporcle Settings to finish the process.

Report this User

Report this user for behavior that violates our Community Guidelines.

Details: